LIBRARY ONLINE CATALOGUE

Shaped by the word: (Record no. 19520)

MARC details
000 -LEADER
fixed length control field 00516nam a22001697a 4500
008 - FIXED-LENGTH DATA ELEMENTS--GENERAL INFORMATION
fixed length control field 220921b |||||||| |||| 00| 0 eng d
020 ## - INTERNATIONAL STANDARD BOOK NUMBER
International Standard Book Number 0835809368
050 ## - LIBRARY OF CONGRESS CALL NUMBER
Classification number BV4501.2
Item number .M85 2001 C.1
100 ## - MAIN ENTRY--PERSONAL NAME
Personal name Mulholland JR, M. Robert
245 ## - TITLE STATEMENT
Title Shaped by the word:
Remainder of title The power of scripture in spiritual formation/
Statement of responsibility, etc. M. Robert Mulholland JR.
250 ## - EDITION STATEMENT
Edition statement Rev. ed.
260 ## - PUBLICATION, DISTRIBUTION, ETC. (IMPRINT)
Place of publication, distribution, etc. Nashville
Name of publisher, distributor, etc. Upper Room Books
Date of publication, distribution, etc. 2001
300 ## - PHYSICAL DESCRIPTION
Extent 176p.
650 ## - SUBJECT ADDED ENTRY--TOPICAL TERM
Topical term or geographic name as entry element Spiritual formation
650 ## - SUBJECT ADDED ENTRY--TOPICAL TERM
Topical term or geographic name as entry element Bible
Form subdivision Reading
942 ## - ADDED ENTRY ELEMENTS (KOHA)
Source of classification or shelving scheme Library of Congress Classification
Koha item type General Collection
Holdings
Withdrawn status Lost status Source of classification or shelving scheme Not for loan Home library Current library Date acquired Cost, normal purchase price Inventory number Total Checkouts Full call number Barcode Date last seen Copy number Price effective from Koha item type
    Library of Congress Classification   Kabarak, Main Campus Kabarak, Main Campus 21/09/2022 2684.00 2052/2022   BV4501.2 .M85 2001 C.1 032683 21/09/2022 C.1 21/09/2022 General Collection